000 00305nam a2200121 a 4500
008 100914s1988|||| d
245 1 0 _aPrekliati králi
_bĽalia a Lev
100 1 _aDruon, Maurice
020 _c21
044 _axo
_cSK
041 _aslo
260 _bSlovenský spisovateľ
_aBratislava
_c1988
999 _c10322
_d10322